Críticas y sugerencias al capítulo 9 : promoción de la mujer del Plan Nacional de Desarrollo Económico y Social 89/90 /
Spremljeno u:
| Glavni autor: | |
|---|---|
| Format: | Knjiga |
| Jezik: | Spanish |
| Izdano: |
Asunción, Paraguay
Multisectorial de Mujeres del Paraguay
1989
|
| Teme: | |
| Oznake: |
Dodaj oznaku
Bez oznaka, Budi prvi tko označuje ovaj zapis!
|
MARC
| LEADER | 00000nam a22000007a 4500 | ||
|---|---|---|---|
| 003 | cru CIDCACS/IIS | ||
| 005 | 20220420111756.0 | ||
| 008 | 171110b1989 py |||||||||||00| 0|spa d | ||
| 040 | |c cru CIDCACS/IIS | ||
| 090 | |a 00.00.00 Txxxm | ||
| 100 | 1 | |9 5931 |a Torres de Reyes, Eulalia | |
| 245 | 1 | 0 | |a Críticas y sugerencias al capítulo 9 : promoción de la mujer del Plan Nacional de Desarrollo Económico y Social 89/90 / |c Elaborada por la Lic. Eulalia Torres de Reyes |
| 260 | |a Asunción, Paraguay |b Multisectorial de Mujeres del Paraguay |c 1989 | ||
| 300 | |a 14 páginas | ||
| 500 | |a Colección Alforja Basado en el documento: "La mujer por una mejor coparticipación al apoyo de desarrollo democrático del país" | ||
| 521 | |b Elaborado en base a las conclusiones del taller organizado por la Multisectorial de Mujeres del Paraguay realizado el 23 de agosto de 1989 en el local del Colegio de Abogados | ||
| 650 | 1 | 0 | |9 88 |a MUJERES |
| 650 | 1 | 7 | |9 2165 |a CONDICIONES ECONOMICAS |
| 650 | 1 | 7 | |9 533 |a CONDICIONES SOCIALES |
| 650 | 0 | |9 5298 |a DIAGNOSTICO | |
| 650 | 1 | 0 | |9 3915 |a PLANES NACIONALES |
| 651 | 1 | 0 | |9 4143 |a PARAGUAY |
| 942 | |2 ddc |c LI | ||
| 999 | |c 40597 |d 40597 | ||
